| 000 | 00491nam a2200193Ia 4500 | ||
|---|---|---|---|
| 008 | 210210b2011 xxu||||| |||| 00| 0 eng d | ||
| 020 | _a9788126147212 | ||
| 041 | _aeng | ||
| 082 | _a321.80954 KUMI | ||
| 100 | _aKUMAR (K R Mahesh) | ||
| 245 | _aIndian constitution | ||
| 260 |
_aNew Delhi _bAnmol Publications Pvt. Ltd. _c2011 |
||
| 300 | _avii,507 | ||
| 650 | _aIndian | ||
| 650 | _aconstitution | ||
| 690 | _aIndian Constitution | ||
| 700 | _aTYAGARAJAN (R V) | ||
| 906 | _a066853 | ||
| 999 |
_c149310 _d149310 |
||